| 000 | 00602cam a2200253 4500 | ||
|---|---|---|---|
| 008 | 090401t1999 xxu||||| |||| 00| 0 eng d | ||
| 020 | _a0750641916 | ||
| 035 | _a(Sirsi) u99554 | ||
| 041 | _aeng | ||
| 050 | _a693.22 | ||
| 100 | _aWarren, John | ||
| 245 | _aConservation of earth structures. | ||
| 260 |
_aOxford _bButterworth-Heinemann _c1999 |
||
| 300 | _aviii, 198p. ; 25cm. | ||
| 350 | _a50.00 | ||
| 650 | _aEARTHWORKS | ||
| 650 | _aCLAY | ||
| 650 | _aEARTH BUILDINGS | ||
| 650 | _aCOB | ||
| 650 | _aOVERSEAS | ||
| 690 | _aBUILT ENVIRONMENT | ||
| 942 | _n0 | ||
| 948 | _c04/09/1998 | ||
| 999 |
_c99387 _d99387 |
||